000 01336nam a22003257i 4500
999 _c23093
_d23093
003 AR-CdUCM
008 241025b20222022 pe||||| |||| 00| 0 spa d
020 _a978-612-00-7358-2
040 _aMUNICIPALIDAD PROVINCIAL DEL CUSCO
_cBIBLIOTECA MUNICIPAL DEL CUSCO
041 _hspa
082 _a001.431 / A21
_bA21
100 _aAco Corrales, Eder Arturo
_950716
245 _aComo elaborar tu tesis de grado y no morir en el intento :
_bGuía didáctica para la elaboración del proyecto y Tesis de Grado /
260 _aCusco
_c2022
300 _a80 páginas. :
_c30 cm.
500 _zbibliografía : páginas 79 - 80
505 _aNociones básicas -- El problema de investigación -- Fuentes de información -- Planteamiento del problema -- Marco teórico -- Método -- Diseño de investigación -- Población y muestra -- Instrumentos de recolección de datos -- Presentación de resultados -- Referencias
650 _aTesis
_91981
650 _aMetodología
_92264
650 _aProyecto
_97347
650 _aInvestigación
_91940
650 _aBibliografía
_950717
650 _aConclusión
_950718
650 _aTeoría
_95077
650 _aInformación
_923515
700 _aColque Candia, Wilbert
_950719
700 _aEstrada Sánchez, Americo
_950720
942 _2ddc
_cLIBROS
945 _apbj
_d25-10-2024